000
00284nam a22001337a 4500
008
170302b xxu||||| |||| 00| 0 eng d
020
_a
01201176416
041
_a
eng
080
_a
575
100
_a
6
101
_a
SHM
245
_a
ADVANCES IN GENETICS
_c
HALL, J.C
942
_2
udc
_c
BK
999
_c
6590
_d
6590